Śāh Ābadula Latipha Bhiṭāi. (Record no. 70657)

MARC details
000 -LEADER
fixed length control field 00618cam a22002291 4500
001 - CONTROL NUMBER
control field sa 66006692
003 - CONTROL NUMBER IDENTIFIER
control field DLC
005 - DATE AND TIME OF LATEST TRANSACTION
control field 20260227112258.0
008 - FIXED-LENGTH DATA ELEMENTS--GENERAL INFORMATION
fixed length control field 941024s1964 ii a 000 0 beno
010 ## - LIBRARY OF CONGRESS CONTROL NUMBER
LC control number sa 66006692
025 ## - OVERSEAS ACQUISITION NUMBER
Overseas acquisition number PL480:EP-B-1034
035 ## - SYSTEM CONTROL NUMBER
System control number (OCoLC)31349477
040 ## - CATALOGING SOURCE
Original cataloging agency DLC
Transcribing agency CU
Modifying agency CU
-- DLC
042 ## - AUTHENTICATION CODE
Authentication code premarc
050 00 - LIBRARY OF CONGRESS CALL NUMBER
Classification number BP80.A183
Item number M6
100 1# - MAIN ENTRY--PERSONAL NAME
Personal name Moudud, Abdul,
Dates associated with a name 1908-
245 10 - TITLE STATEMENT
Title Śāh Ābadula Latipha Bhiṭāi.
260 ## - PUBLICATION, DISTRIBUTION, ETC.
Date of publication, distribution, etc. [1964]
300 ## - PHYSICAL DESCRIPTION
Extent 127 p.
Other physical details illus.
Dimensions 18 cm.
500 ## - GENERAL NOTE
General note In Bengali.
600 00 - SUBJECT ADDED ENTRY--PERSONAL NAME
Personal name ʻAbd al-Laṭīf,
Titles and other words associated with a name Shah,
Dates associated with a name approximately 1689-approximately 1752.

No items available.

Powered by Koha